Are You Smarter than a High Schooler? - Statistics

General Stats
  • This quiz has been taken 147 times
    133 since last reset
  • The average score is 3 of 20
Answer Stats
Hint Answer % Correct
Birthstone for July Ruby
49%
European country whose capital is Tirana Albania
40%
Small country located in the Pacific Ocean just off of Malaysia Singapore
32%
Painting by Picasso about the terrors of war and a horse Guernica
28%
Play about a king splitting his kingdom among his daughters King Lear
27%
Religion that requires all baptized males to take the name Singh Sikhism
23%
If Jo can paint a fence in 4 hours and Bob can paint it in 6, how long will it take Jo and Bob to paint the fence together? 2.4 hours
18%
Cross between a sweet orange and a pomelo Grapefruit
16%
Author of "The Color Purple" Alice Walker
12%
Treaty signed in 1848 that ended the Mexican-American War Treaty of Guadalupe Hidalgo
12%
1415 battle won because of England's longbow use Battle of Agincourt
10%
Title of an Aleksandr Solzhenitsyn book that combines a land form and a Soviet camp system The Gulag Archipelago
9%
Country with the most islands Finland
7%
Book "written" by John Kennedy Profiles in Courage
7%
Third opera in Richard Wagner's "The Ring" Siegfried
7%
NHL team that plays its home games in the Amalie Arena Tampa Bay Lightning
7%
The fear of dogs Cynophobia
6%
Director of Point Break as well as James Cameron's ex-wife Kathryn Bigelow
6%
Opera based on a story written by Prosper Merimee Carmen
2%
Baseball player of the early 1900s nicknamed "The Flying Dutchman" Honus Wagner
2%
No matching quizzes found
Score Distribution
Percent of People with Each Score
Percentile by Number Answered
Your Score History
You have not taken this quiz since the last reset